000 00322 a2200145 4500
260 _bFlammarion Médecine Sciences
245 _aCancers intrathoraciques
100 _aIsrael, L.
260 _c1986
300 _a300 p.
035 _a6837
999 _c18691
_d18691